Catálogo
 En Linea
Vista normal Vista MARC

Entrada Nombre personal

Número de registros utilizados en: 4

001 - NÚMERO DE CONTROL

  • campo de control: 11393

003 - IDENTIFICADOR DEL NÚMERO DE CONTROL

  • campo de control: BNPHU

005 - FECHA Y HORA DE LA ÚLTIMA TRANSACCIÓN

  • campo de control: 20240228141457.0

008 - DATOS DE LONGITUD FIJA

  • campo de control de longitud fija: 200615|| aca||aabn | a|a d

040 ## - FUENTE DE LA CATALOGACIÓN

  • Centro catalogador/agencia de origen: DO-SdBNP
  • Lengua de catalogación: spa
  • Centro/agencia transcriptor: BNPHU
  • Normas de descripción: rda

100 1# - ENCABEZAMIENTO-NOMBRE DE PERSONA

  • Nombre de persona: Morillo Pérez, Antonio

370 ## - LUGAR ASOCIADO

  • Lugar de nacimiento: Matas de Farfán (República Dominicana)

374 ## - OCUPACIÓN

  • Ocupación: Estadístico
  • Ocupación: Demográfo

375 ## - GÉNERO/SEXO

  • Género/Sexo: Masculino

377 ## - LENGUA/LENGUAJE ASOCIADO

  • Código del idioma: spa

400 1# - TRAZADO DE VÉASE--NOMBRE DE PERSONA

  • Nombre de persona: Pérez, Antonio Morillo

670 ## - FUENTE DE DATOS ENCONTRADOS

  • Cita de la fuente: Morillo Pérez, Antonio .Atlas de la pobreza en la República Dominicana 2005 /, 2005.

670 ## - FUENTE DE DATOS ENCONTRADOS

  • Cita de la fuente: Morillo Pérez, Antonio. El índice de pobreza multidimensional para América Latina (IPM-AL) : una aplicación para República Dominicana 2000-2016

Con tecnología Koha